| 000 | 00827pam a2200265 a 4500 | ||
|---|---|---|---|
| 008 | |||
| 020 | _a0697345416 (pbk.) | ||
| 049 | _aMAIN | ||
| 090 |
_aQH91 _bSUM |
||
| 100 | 1 | _aSumich, James L. | |
| 245 | 1 | 3 |
_aAn introduction to the biology of marine life / _cJames L. Sumich ; contributing authors, Sneed Collard ... [et al.] |
| 246 | 3 | 0 | _aMarine biology. |
| 250 | _a7th ed. | ||
| 260 |
_aBoston : _bWCB/McGraw-Hill, _cc1999. |
||
| 300 |
_axii, 484 p. : _bill. (some col.), col. maps ; _c27 cm. |
||
| 504 | _aIncludes bibliographical references. | ||
| 500 | _aIncludes index. | ||
| 650 | 0 | _aMarine biology. | |
| 700 | 1 | _aCollard, Sneed. | |
| 907 |
_a.b10359904 _b03-09-15 _c28-08-15 |
||
| 003 | |||
| 005 | 20230123122145.0 | ||
| 040 | _cNUST | ||
| 942 |
_cBOOKS _kQH91 _mSUM |
||
| 999 |
_c128796 _d128796 |
||